| 000 | 00726cam a2200217 4500 | ||
|---|---|---|---|
| 001 | WB3549-37 | ||
| 008 | 000000n1999 000 0 eng u | ||
| 035 | _a(Sirsi) u103224 | ||
| 245 | _aTax scheme 'horrific' | ||
| 260 | _c1999 | ||
| 490 |
_aBuilding _v264(8116) 10 December 1999, 8(1) |
||
| 520 | _aThe Construction Confederation has claimed that the compliance costs associated with the government's Construction Industry Tax Scheme are intolerable, following a survey of 2000 members. | ||
| 590 | _aWB | ||
| 650 | _aCONSTRUCTION CONFEDERATION | ||
| 650 | _aCOMPLIANCE COSTS | ||
| 650 | _aCONSTRUCTION INDUSTRY TAX SCHEME | ||
| 650 | _aSURVEYS | ||
| 650 | _aINLAND REVENUE | ||
| 690 | _aTAXATION | ||
| 942 | _n0 | ||
| 999 |
_c62045 _d62045 |
||